000
00315 a2200145 4500
001
185388
020
_a
040
_c
Magnum
100
_a
Regina, Tia
240
1
0
_a
Mitologia afro-brasileira
_l
por
245
1
0
_a
Mitologia afro-brasileira
300
_a
15
697
_a
LITERATURA INFANTO-JUVENIL
942
_c
BK
999
_c
185388
_d
185388